000 00815cam a22002897a 4500
003 CHAP
005 20220817040916.0
008 971013s1991 r 00010 d
010 _a2536
011 _a3508
035 _a2708
040 _cCHAP
090 _aFolleto 12934
110 _aFAO
245 1 3 _aEl árbol fuente de vida
260 _a[Roma] :
_bFAO,
_c1991
300 _a26 p.
_b: ilus
590 _aBATCH-UPD
_b10
_c20130110
_lUCH01
_h1402
590 _aBATCH-UPD
_b10
_c20130410
_lUCH01
_h0852
590 _aBATCH-UPD
_b10
_c20130914
_lUCH01
_h1846
590 _aCONVERSION
_b10
_c20130109
_lUCH01
_h1303
650 1 4 _aÁrboles.
_982433
901 _aBK
942 _cFOLL
949 _aFolleto 12934
_bBC
_cFAO
_d-12214
_eFAO1
_i2708
_mD
_si
949 _aFolleto 12934
_bBC
_cFAO
_d-71172
_eFAO2
_fc.2
_i2708
_mD
_si
999 _c2536
_d2536